1747 1272 1439 1731 1637 1836 1195 1360 1526 1163 1130 1201 1226 1197 1056 1644 1422 1772 1014 1136 1378 1713 1763 1246 1308 1172 1458 1455 1991 1391 1759 1849 1952 1041 1122 1616 1151 1074 1401 1202 1731 1147 1748 1875 1255 1784 1300 1194 1253 1217 1414 1876 1161 1479 1272 1270 1056 1192 1019 1542 1332 1288 1960 1885 1718 1588 1934 1698 1414 1657 1859 1689 1345 1719 1949 1640 1588 1914 1410 1760 1899 1260 1812 1928 1136 1913 1511 1910 1483 1220 1890 1712 1788 1023 1422 1325 1130 1153 1545 BCNSPRNW ULIB Ver.6.0+V

เปลี่ยนเป็นภาษาไทย

Change to English
 แสดงรายละเอียดบรรณานุกรม
  กลับหน้าหลัก

Brief Record : Get Marc (ISO 2709) : E-mail record : QR code < ปิดหน้าต่าง
LEADER : 00000nam 2200000uu 4500
001    13399124160
003     ULIB
008    150122s2557||||th 000 0 tha d
020    9786162795794
050  4 LC315.T5ศ324ร
110 1  ศูนย์จิตตปัญญาศึกษา มหาวิทยาลัยมหิดล
245 00 รวมบทความการประชุมวิชาการประจำปีจิตปัญญาศึกษา ครั้งที่ 6 "จิตตปัญญาศึกษา พลังแห่งการฟื้นฟูและสร้างสรรค์สังคม" /^cศูนย์จิตตปัญญาศึกษา มหาวิทยาลัยมหิดล บรรณาธิการโดย พจน์ กริชไกรวรรณ และสุปรียส์ กาญจนพิศศาล
260    นครปฐม: ^bศูนย์จิตตปัญญาศึกษา มหาวิทยามหิดล,^c2557
300    297 หน้า,^bตาราง
650  7 จิตตปัญญาศึกษา
700 0  พจน์ กริชไกรวรรณ,^eบรรณาธิการ
700 0  สุปรียส์ กาญจนพิศศาล,^eบรรณาธิการ
945    ^p0^l0^i038731
999    ^aเกษร โพธิ์สุวรรณ
รายการนี้ยังไม่มีแท็ก
คุณยังไม่ได้ล็อกอิน คุณสามารถมีกิจกรรมร่วมกับเว็บไซต์ได้ แต่ต้องล็อกอินก่อน ::
  ล็อกอิน

รายการสื่อสารสนเทศ

ลำดับที่ ประเภท เลขเรียก/บาร์โค้ด สถานที่ สถานะ
1. การศึกษาทั่วไป
หนังสือสำรอง
สถานะ=หนังสือสำรอง
LC315.T5ศ324ร ฉ.1 
  Barcode: 038731
ห้องสมุดวิทยาเขตสวรรค์ประชารักษ์
►หนังสือทั่วไป
บนชั้น
Note:อภินันทนาการ

รายการใกล้เคียง
    หัวเรื่อง [จิตตปัญญาศึกษา]

BibComment


ยังไม่เคยถูกคอมเมนท์

คอมเมนท์ทรัพยากรรายการนี้
  คอมเมนท์: รวมบทความการประชุ..


 Copyright 2026. Bcnsprnw @Library